• 首页
  • 本馆介绍
  • 公告通知
  • 最新文献
  • 馆藏检索
  • 电子资源
  • 读者导购
  • 参考咨询
  • 我的图书馆
  • 登录
  • 详细信息显示
  • 放入我的书架
  • 预约/预借图书
  • 作者相关作品
  • 分类相关作品
  • 丛书相关作品
  • 出版社相关作品

书目信息

  • 表格格式
  • 工作单格式
  • 卡片格式
题名:
明代心学教育思想与论著选读
    
 
作者: 冯克诚 主编
分册: 上  
出版信息: 北京   人民武警出版社  2010
页数: 349页
开本: 22cm
丛书名: 中外教育名家名著精读丛书
单 册:
中图分类: G40-092.48
科图分类:
主题词: 心学--教育思想--研究--中国--明代 , 心学
电子资源:
ISBN: 978-7-80176-467-6
000 00915oam2 2200277 45
001 1237588028
005 20120618100540.82
010    @a978-7-80176-467-6@dCNY39.80(全2册79.60)
100    @a20120408e20112010ekmy0chiy0120 ea
101 0  @achi
102    @aCN@b110000
105    @aa z 000yy
106    @ar
200 1  @a明代心学教育思想与论著选读@AMing Dai Xin Xue Jiao Yu Si Xiang Yu Lun Zhu Xuan Dou@h上@HShang@f冯克诚主编@FFeng Ke Cheng Zhu Bian
210    @a北京@c人民武警出版社@d2010@h2011
215    @a349页@d22cm
225 2  @a中外教育名家名著精读丛书
300    @a教师必读文库
330    @a全套分中国卷20种外国卷20种,共40种,同时出齐。
461  0 @12001 @a中外教育名家名著精读丛书
606 0  @a心学@x教育思想@x研究@y中国@z明代
606 0  @a心学
690    @aG40-092.48@v4
701  0 @a冯克诚@AFeng Ke Cheng@4主编
801  0 @aCN@bTSTCL@c20120604
905    @b0817007-10@dG40-092.48@e588:1@f4
    
    明代心学教育思想与论著选读.上/冯克诚主编.-北京:人民武警出版社,2010(2011)
    349页;22cm.-(中外教育名家名著精读丛书)
    教师必读文库
    
    ISBN 978-7-80176-467-6:CNY39.80(全2册79.60)
    全套分中国卷20种外国卷20种,共40种,同时出齐。
●
相关链接 在E读中查询图书 在五车中查询图书 在当当中查询图书 在豆瓣中查询图书


正题名:明代心学教育思想与论著选读     索取号:G40-092.48/588:1         预约/预借

序号 登录号 条形码 馆藏地/架位号 状态 备注
1 0817007   208170076   第一样本阅览室/ [索取号:G40-092.48/588:1] 在馆    
2 0817008   208170085   教育系资料室/ [索取号:G40-092.48/588:1] 在馆    
3 0817009   208170094   第四借阅区/ [索取号:G40-092.48/588:1] 在馆    
4 0817010   208170101   第四借阅区/ [索取号:G40-092.48/588:1] 在馆    
唐山师范学院图书馆 欢迎您!
大连网信软件有限公司© 版权所有